| 000 -LEADER |
| fixed length control field |
00886nam a22002297a 4500 |
| 001 - CONTROL NUMBER |
| control field |
19414 |
| 003 - CONTROL NUMBER IDENTIFIER |
| control field |
BD-DhUAP |
| 005 - DATE AND TIME OF LATEST TRANSACTION |
| control field |
20210118161025.0 |
| 008 - FIXED-LENGTH DATA ELEMENTS--GENERAL INFORMATION |
| fixed length control field |
200128s1970 bg a|||| |||| 001 0 eng d |
| 020 ## - INTERNATIONAL STANDARD BOOK NUMBER |
| International Standard Book Number |
9847029700761 |
| 040 ## - CATALOGING SOURCE |
| Original cataloging agency |
BD-DhUAP |
| Language of cataloging |
Bangla |
| Transcribing agency |
BD-DhUAP |
| Modifying agency |
BD-DhUAP |
| 082 ## - DEWEY DECIMAL CLASSIFICATION NUMBER |
| Edition number |
23 |
| Classification number |
954.9204 UMO |
| 100 ## - MAIN ENTRY--PERSONAL NAME |
| Personal name |
উমর, বদরুদ্দীন। |
| 245 ## - TITLE STATEMENT |
| Title |
পূর্ব বাঙলার ভাষা আন্দোলন ও তৎকালীন রাজনীতি / |
| Statement of responsibility, etc. |
বদরুদ্দীন উমর। |
| 260 ## - PUBLICATION, DISTRIBUTION, ETC. |
| Place of publication, distribution, etc. |
ঢাকা : |
| Name of publisher, distributor, etc. |
সুবর্ণা, |
| Date of publication, distribution, etc. |
১৯৭০। |
| 300 ## - PHYSICAL DESCRIPTION |
| Extent |
খণ্ড : |
| Other physical details |
চিত্র ; |
| Dimensions |
২২ সেমি.। |
| 500 ## - GENERAL NOTE |
| General note |
নির্ঘণ্ট সম্বলিত। |
| 505 ## - FORMATTED CONTENTS NOTE |
| Formatted contents note |
খণ্ড ১-- |
| 650 ## - SUBJECT ADDED ENTRY--TOPICAL TERM |
| Topical term or geographic name entry element |
Language Movements |
| Geographic subdivision |
Bangladesh. |
| 651 ## - SUBJECT ADDED ENTRY--GEOGRAPHIC NAME |
| Geographic name |
Bangladesh |
| Form subdivision |
History. |
| 942 ## - ADDED ENTRY ELEMENTS (KOHA) |
| Source of classification or shelving scheme |
|
| Koha item type |
Book |